| 000 | 01654pam a2200361Ia 4500 | ||
|---|---|---|---|
| 001 | SCP00NE0170PDF | ||
| 003 | BD-DhSAU | ||
| 005 | 20151012144305.0 | ||
| 006 | m|||||o||d|||||||| | ||
| 007 | cr|||| | ||
| 008 | 110928s2006 nhuabdf sb 001 0 eng d | ||
| 020 | _a9781439844243 (ebook : PDF) | ||
| 040 |
_aBD-DhSAU _cBD-DhSAU |
||
| 090 |
_aS623 _b.H398 2006 |
||
| 092 |
_a631.45 _bH477 |
||
| 100 | 1 |
_aHellin, Jon, _d1965- |
|
| 245 | 1 | 0 |
_aBetter land husbandry _h[electronic resource] : _bfrom soil conservation to holistic land management / _cJon Hellin. |
| 260 |
_aEnfield, N.H. : _bScience Publishers, _cc2006. |
||
| 300 |
_axiv, 315 p., 8 p. of plates : _bill. (some col.), map. |
||
| 490 | 1 |
_aLand reconstruction and management series ; _vv. 4 |
|
| 504 | _aIncludes bibliographical references (p. [268]-309) and index. | ||
| 505 | 0 | _a1. Introduction to better land husbandry -- 2. Social and economic components of better land husbandry -- 3. Agro-ecological components of better land husbandry -- 4. Better land husbandry : a new paradigm -- 5. Better land husbandry in practice -- 6. Better land husbandry and policy. | |
| 530 | _aAlso available in print edition. | ||
| 538 | _aMode of access: World Wide Web. | ||
| 650 | 0 | _aSoil conservation. | |
| 650 | 0 | _aSoil productivity. | |
| 650 | 0 |
_aLand use, Rural _xPlanning. |
|
| 655 | 7 |
_aElectronic books. _2lcsh |
|
| 776 | 1 | _z1578082447 | |
| 776 | 1 | _z9781578082445 | |
| 830 | 0 |
_aLand reconstruction and management ; _vv. 4. |
|
| 856 | 4 | 0 |
_uhttp://marc.crcnetbase.com/isbn/9781439844243 _qapplication/PDF |
| 999 |
_c11675 _d11674 |
||